000
00208nam a22000857a 4500
008
170119b xxu||||| |||| 00| 0 eng d
100
_9
2511
_a
Bhaskar.U.
245
_a
Learnwell EVS-1
260
_a
New Delhi
_b
HFI
_c
2011
999
_c
5584
_d
5584